Handbook of Nondestructive Evaluation 2nd (Record no. 565312)
[ view plain ]
| 000 -LEADER | |
|---|---|
| fixed length control field | 00313nam a2200109Ia 4500 |
| 008 - FIXED-LENGTH DATA ELEMENTS--GENERAL INFORMATION | |
| fixed length control field | 210430s9999 xx 000 0 und d |
| 082 ## - DEWEY DECIMAL CLASSIFICATION NUMBER | |
| Classification number | 620.1127 H4741H |
| 100 ## - MAIN ENTRY--PERSONAL NAME | |
| Personal name | Hellier, Charles J. |
| 9 (RLIN) | 54668 |
| 245 ## - TITLE STATEMENT | |
| Title | Handbook of Nondestructive Evaluation 2nd |
| Statement of responsibility, etc. | Hellier, Charles J. |
| 300 ## - PHYSICAL DESCRIPTION | |
| Extent | 13.40p. |
| 942 ## - ADDED ENTRY ELEMENTS (KOHA) | |
| Koha item type | Reference |
| Source of classification or shelving scheme | |
| Withdrawn status | Lost status | Damaged status | Not for loan | Permanent Location | Current Location | Date acquired | Total Checkouts | Full call number | Barcode | Date last seen | Price effective from | Koha item type |
|---|---|---|---|---|---|---|---|---|---|---|---|---|
| School of Chemical & Materials Engineering (SCME) | School of Chemical & Materials Engineering (SCME) | 620.1127 H4741H | SCME-4624 | 04/30/2021 | 04/30/2021 | Reference |
